000 00320nam a2200133Ia 4500
005 20260328104256.0
008 260328s9999||||xx |||||||||||||| ||und||
100 _aGibbs, Jenny
245 0 _aInterior Design /
_cJenny Gibbs
260 _bLaurence King
300 _a224 p.
650 _aDISEÑO INTERIOR
942 _cBK
999 _c10430
_d10430